banner-ar

تيار الشعوبية فى ادب الجاحظ / (Record no. 59837)

MARC details
000 -الفاتح
حقل البيانات ثابتة الطول 00790nam a22002297a 4500
005 - وقت وتاريخ اخر تعامل مع التسجيلة
رقم الضبط 20240530110339.0
008 - عناصر البيانات ثابتة الطول - معلومات عامة
حقل البيانات ثابتة الطول 141027s2011 ua gr | 000 0dara d
017 ## - رقم الايداع القانونى
رقم الايداع القانونى 2384/2010
المصدر ( الهيئة المختصة) مصر . دار الكتب
020 ## - الرقم الدولى المعيارى للكتب
الرقم الدولى المعيارى للكتاب 9789773277555
040 ## - مصدر الفهرسة
وكالة الفهرسة الأصلية EG-CaGPL
082 40 - رقم تصنيف ديوى العشرى
رقم الطبعة 21
رقم التصنيف 810.94\
رقم المادة ع ت
100 0# - المدخل الرئيسى - إسم شخصى
الإسم الشخصى على محمد السيد خليفة
245 1# - بيان العنوان
العنوان تيار الشعوبية فى ادب الجاحظ /
بيان المسئوليه,etc على محمد السيد خليفة
250 ## - بيان الطبعة
بيان الطبعة ط1
260 ## - PUBLICATION, DISTRIBUTION, ETC. (IMPRINT)
تاريخ النشر أو التوزيع 2011
300 ## - الوصف المادى
التعداد 150 ص ؛
أبعاد الوعاء 24 سم
600 40 - المدخل الاضافى بالموضوع-اسم شخصى
الإسم الشخصى الجاحظ
650 40 - المدخل الاضافى بالموضوع-مصطلح موضوعى
مصطلح موضوعي الادب العربى
650 40 - المدخل الاضافى بالموضوع-مصطلح موضوعى
مصطلح موضوعي الشعوبية
التقسيم الفرعي العام الادب العربى
942 ## - عناصر المدخل الإضافي( كوها)
مصدر التصنيف او مخطط الترفيف Dewey Decimal Classification
Koha [default] item type كتاب
260 ## - PUBLICATION, DISTRIBUTION, ETC. (IMPRINT)
-- الاسكندرية :
-- دار الوفاء لدنيا الطباعة والنشر ،
Holdings
حالة التراجع حالة الفقد حالة تلف ليس للاعارة المكان المؤقت الموقع الحالى تاريخ الاكتساب اجمالي اﻻعارات رقم الطلب الباركود تاريخ اخر مشاهدة تاريخ تفعيل السعر نوع وعاء كوها
        مكتبة القاهرة الكبرى مكتبة القاهرة الكبرى 10/27/2014   810.94\ ع ت 158793 10/27/2014 10/27/2014 كتاب

Powered By

EGPV